[Event "RB-2014-0-00241"]
[Site "LSS email"]
[Date "2014.02.14"]
[Round "?"]
[White "Chmela, Zdenek"]
[Black "Yuryev, Andrey"]
[Result "1/2-1/2"]
[WhiteElo "1880"]
[BlackElo "1917"]
[PlyCount "49"]
[EventDate "2014.01.06"]
[EventType "tourn (corr)"]
[EventRounds "6"]
[EventCountry "GER"]
[SourceTitle "Telechess CBM 167"]
[Source "ChessBase"]
[SourceDate "2015.07.13"]
[SourceVersion "1"]
[SourceVersionDate "2015.07.13"]
[SourceQuality "1"]

1. d4 d5 2. Nf3 Nf6 3. c4 e6 4. Nc3 dxc4 5. e3 a6 6. Bxc4 b5 7. Be2 Bb7 8. 0-0 Nbd7 9. b3 Be7 10. Bb2 c5 11. dxc5 Nxc5 12. b4 Qxd1 13. Rfxd1 Ncd7 14. a4 bxa4 15. Rxa4 0-0 16. b5 axb5 17. Bxb5 Bxf3 18. gxf3 Nc5 19. Rxa8 Rxa8 20. Bc4 Ne8 21. Nb5 g5 22. Kg2 Kf8 23. Be5 h6 24. f4 Rd8 25. Rxd8 1/2-1/2

[Event "RB-2014-0-00241"]
[Site "LSS email"]
[Date "2014.02.14"]
[Round "?"]
[White "Yuryev, Andrey"]
[Black "Hoehne, Volkmar"]
[Result "1/2-1/2"]
[WhiteElo "1917"]
[BlackElo "1850"]
[PlyCount "69"]
[EventDate "2014.01.06"]
[EventType "tourn (corr)"]
[EventRounds "6"]
[EventCountry "GER"]
[SourceTitle "Telechess CBM 167"]
[Source "ChessBase"]
[SourceDate "2015.07.13"]
[SourceVersion "1"]
[SourceVersionDate "2015.07.13"]
[SourceQuality "1"]

1. e4 c5 2. Nf3 d6 3. d4 cxd4 4. Nxd4 Nf6 5. Nc3 a6 6. Bg5 e6 7. Qd2 h6 8. Bxf6 Qxf6 9. 0-0-0 Bd7 10. f4 Nc6 11. Nxc6 Bxc6 12. Kb1 g5 13. g3 0-0-0 14. Bg2 gxf4 15. gxf4 Rg8 16. Bf3 Bg7 17. Rhg1 Qh4 18. Ne2 Qf2 19. Rdf1 Qc5 20. Rg3 Bf6 21. Rh3 Bg7 22. Rd1 Qf2 23. Qe1 Qxe1 24. Rxe1 Kc7 25. c3 Bf8 26. Rd1 b5 27. Nd4 Bb7 28. a3 Kb6 29. Rh5 Rc8 30. Ka1 Rc5 31. Rh3 Rg6 32. Rf1 Rf6 33. Bg2 a5 34. Rg3 Rh5 35. h3 1/2-1/2

[Event "RB-2014-0-00241"]
[Site "LSS email"]
[Date "2014.02.13"]
[Round "?"]
[White "Hlavacek, Ladislav"]
[Black "Yuryev, Andrey"]
[Result "1/2-1/2"]
[WhiteElo "1760"]
[BlackElo "1917"]
[PlyCount "60"]
[EventDate "2014.01.06"]
[EventType "tourn (corr)"]
[EventRounds "6"]
[EventCountry "GER"]
[SourceTitle "Telechess CBM 167"]
[Source "ChessBase"]
[SourceDate "2015.07.13"]
[SourceVersion "1"]
[SourceVersionDate "2015.07.13"]
[SourceQuality "1"]

1. Nf3 Nf6 2. d4 g6 3. c4 Bg7 4. Nc3 0-0 5. e4 d6 6. h3 e5 7. d5 a5 8. Bd3 Nfd7 9. 0-0 Nc5 10. Bc2 Nba6 11. a3 f5 12. b4 fxe4 13. Bg5 Bf6 14. Bxf6 Qxf6 15. Nd2 Bxh3 16. bxc5 Bxg2 17. Ndxe4 Bxe4 18. Nxe4 Qh4 19. f3 Nxc5 20. Qe1 Qxe1 21. Raxe1 Nxe4 22. Bxe4 Kg7 23. Kf2 Rf6 24. Rg1 Raf8 25. Rb1 b6 26. Ke2 Rf4 27. Rh1 R4f7 28. Rbg1 Rf6 29. Rh3 R8f7 30. Kd2 Rf8 1/2-1/2

[Event "RA-2014-0-00312"]
[Site "LSS email"]
[Date "2014.02.12"]
[Round "?"]
[White "Koehler, Josef"]
[Black "Yuryev, Andrey"]
[Result "1-0"]
[WhiteElo "2024"]
[BlackElo "1917"]
[PlyCount "87"]
[EventDate "2014.01.13"]
[EventType "tourn (corr)"]
[EventRounds "6"]
[EventCountry "GER"]
[SourceTitle "Telechess CBM 167"]
[Source "ChessBase"]
[SourceDate "2015.07.13"]
[SourceVersion "1"]
[SourceVersionDate "2015.07.13"]
[SourceQuality "1"]

1. Nf3 Nf6 2. g3 g6 3. Bg2 Bg7 4. c4 0-0 5. d4 d5 6. 0-0 dxc4 7. Na3 a5 8. Nxc4 Be6 9. Nfe5 c6 10. e4 a4 11. Bf4 Nh5 12. Be3 b5 13. Na3 Bxe5 14. dxe5 Qc7 15. Qe2 Qxe5 16. Rfc1 b4 17. Nc2 Bxa2 18. Nxb4 Be6 19. f4 Qa5 20. Bc5 Qc7 21. f5 Bb3 22. Qe3 Re8 23. Rc3 Qb7 24. g4 Nf6 25. e5 Nxg4 26. Qf4 Nxe5 27. Qxe5 Nd7 28. Qd4 e5 29. fxe6 Rxe6 30. Bd6 Rae8 31. Bxc6 Re1+ 32. Rxe1 Rxe1+ 33. Kf2 Rd1 34. Nd3 Qb6 35. Be5 Qxd4+ 36. Bxd4 Nf8 37. Ke3 Ra1 38. Bf3 Be6 39. Nf4 g5 40. Nxe6 fxe6 41. Rc8 a3 42. b4 Rf1 43. b5 a2 44. Ra8 1-0

[Event "RB-2014-0-00241"]
[Site "LSS email"]
[Date "2014.02.11"]
[Round "?"]
[White "Yuryev, Andrey"]
[Black "Hursky, Karel P"]
[Result "1-0"]
[WhiteElo "1917"]
[BlackElo "1803"]
[PlyCount "35"]
[EventDate "2014.01.06"]
[EventType "tourn (corr)"]
[EventRounds "6"]
[EventCountry "GER"]
[SourceTitle "Telechess CBM 167"]
[Source "ChessBase"]
[SourceDate "2015.07.13"]
[SourceVersion "1"]
[SourceVersionDate "2015.07.13"]
[SourceQuality "1"]

1. e4 c5 2. Nf3 d6 3. d4 cxd4 4. Nxd4 Nf6 5. Nc3 a6 6. Bg5 Nbd7 7. f3 Qc7 8. Nb3 e6 9. Bh4 Be7 10. Qd4 0-0 11. Qc4 Qxc4 12. Bxc4 b6 13. 0-0-0 Bb7 14. Kb1 Rac8 15. Be2 Rfe8 16. Bf2 Nc5 17. Bxc5 bxc5 18. Na5 1-0

[Event "SB-2014-0-00352"]
[Site "LSS email"]
[Date "2014.02.09"]
[Round "?"]
[White "Weiss, Lester P"]
[Black "Yuryev, Andrey"]
[Result "1-0"]
[WhiteElo "1931"]
[BlackElo "1917"]
[PlyCount "61"]
[EventDate "2014.01.10"]
[EventType "tourn (corr)"]
[EventRounds "6"]
[EventCountry "GER"]
[SourceTitle "Corr 2015"]
[Source "ChessBase"]
[SourceDate "2015.07.17"]
[SourceVersion "1"]
[SourceVersionDate "2015.07.17"]
[SourceQuality "1"]

1. d4 d5 2. c4 e6 3. Nc3 dxc4 4. e4 a6 5. Bxc4 b5 6. Bb3 c5 7. Nf3 cxd4 8. Nxd4 Bb7 9. 0-0 Nc6 10. Nxc6 Bxc6 11. Qe2 Bd6 12. e5 Bc7 13. a4 b4 14. Ne4 Qd4 15. Nd6+ Bxd6 16. exd6 Nf6 17. Be3 Qe5 18. Qd2 Ne4 19. Qxb4 Qxd6 20. Qxd6 Nxd6 21. Rac1 Rc8 22. Rfd1 Ke7 23. Bc5 Rhd8 24. f3 Bb7 25. Rc3 g5 26. Kf2 Rc6 27. Bc2 h6 28. b4 Rcc8 29. Bb3 Ke8 30. g4 Ba8 31. Kg3 1-0

[Event "RB-2014-0-00241"]
[Site "LSS email"]
[Date "2014.02.07"]
[Round "?"]
[White "Willmann, Bernd"]
[Black "Yuryev, Andrey"]
[Result "1-0"]
[WhiteElo "2053"]
[BlackElo "1917"]
[PlyCount "89"]
[EventDate "2014.01.06"]
[EventType "tourn (corr)"]
[EventRounds "6"]
[EventCountry "GER"]
[SourceTitle "Telechess CBM 167"]
[Source "ChessBase"]
[SourceDate "2015.07.13"]
[SourceVersion "1"]
[SourceVersionDate "2015.07.13"]
[SourceQuality "1"]

1. c4 e5 2. Nc3 Nf6 3. Nf3 Nc6 4. e4 Bb4 5. d3 d6 6. Be2 h6 7. 0-0 Bxc3 8. bxc3 b6 9. Ne1 Ne7 10. f4 exf4 11. Bxf4 Ng6 12. Bd2 Bd7 13. Nc2 Ba4 14. Qc1 Bxc2 15. Qxc2 Qd7 16. Rf2 c6 17. Raf1 Rd8 18. d4 c5 19. Bc1 Kf8 20. Bd3 Ne7 21. Rf3 cxd4 22. cxd4 Kg8 23. Bb2 Nc6 24. Qf2 h5 25. e5 Ng4 26. Qe1 Nxd4 27. Rxf7 Qxf7 28. Rxf7 Kxf7 29. h3 Nxe5 30. Bxd4 Nxd3 31. Qf1+ Kg8 32. Qxd3 Re8 33. Qg3 Re7 34. Qxd6 Rf7 35. Qd5 Rh6 36. Kh2 Rg6 37. a4 Rh6 38. a5 Rg6 39. Bxb6 Rgf6 40. c5 Rf5 41. Qa8+ Kh7 42. c6 axb6 43. axb6 Rf8 44. b7 Rxa8 45. bxa8Q 1-0

[Event "LSS RB-2010-0-00096"]
[Site "LSS email"]
[Date "2010.09.28"]
[Round "?"]
[White "Def, Persey"]
[Black "Yuryev, Andrey"]
[Result "1/2-1/2"]
[WhiteElo "1880"]
[BlackElo "1894"]
[PlyCount "90"]
[EventDate "2010.08.02"]
[EventType "tourn (corr)"]
[EventRounds "6"]
[EventCountry "GER"]
[SourceTitle "Telechess CBM 143"]
[Source "ChessBase"]
[SourceDate "2011.07.15"]
[SourceVersion "1"]
[SourceVersionDate "2011.07.15"]
[SourceQuality "1"]

1. Nf3 Nf6 2. c4 Nc6 3. d4 e6 4. a3 d6 5. Nc3 d5 6. e3 Be7 7. Bd2 0-0 8. Qc2 a6 9. h3 b6 10. cxd5 exd5 11. Bd3 Re8 12. 0-0 Bb7 13. Rac1 g6 14. Rfe1 Qd7 15. b4 Bf8 16. Ng5 Bg7 17. Ne2 Bh6 18. h4 Bxg5 19. hxg5 Ne4 20. b5 axb5 21. Bxb5 Re6 22. Bb4 Nxb4 23. Bxd7 Nxc2 24. Rxc2 Re7 25. Rxc7 Ba6 26. Nf4 Bc4 27. Bc6 Rxc7 28. Bxa8 Rd7 29. Rb1 Rd6 30. f3 Nxg5 31. Kf2 f5 32. Bb7 b5 33. Bc8 Kf7 34. Ne2 Ke7 35. Nc3 Rb6 36. Na4 Rb8 37. Ba6 Ne6 38. Nc3 b4 39. Bxc4 bxc3 40. Bb3 f4 41. Ke2 g5 42. Bc2 Rxb1 43. Bxb1 h5 44. Bf5 fxe3 45. Kxe3 Nf4 1/2-1/2

[Event "LSS RB-2010-0-00096"]
[Site "LSS email"]
[Date "2010.09.28"]
[Round "?"]
[White "Yuryev, Andrey"]
[Black "Correa de Almeida, Claudio"]
[Result "1-0"]
[WhiteElo "1894"]
[BlackElo "1813"]
[PlyCount "121"]
[EventDate "2010.08.02"]
[EventType "tourn (corr)"]
[EventRounds "6"]
[EventCountry "GER"]
[SourceTitle "Telechess CBM 143"]
[Source "ChessBase"]
[SourceDate "2011.07.15"]
[SourceVersion "1"]
[SourceVersionDate "2011.07.15"]
[SourceQuality "1"]

1. e4 e5 2. Nf3 Nf6 3. Nxe5 d6 4. Nf3 Nxe4 5. Nc3 Nxc3 6. dxc3 Be7 7. Bd3 Nd7 8. Be3 Nc5 9. Bxc5 dxc5 10. Qd2 0-0 11. 0-0-0 Bd6 12. Rhe1 Qf6 13. Kb1 Bf5 14. Bxf5 Qxf5 15. Qe2 Rad8 16. Rd3 b5 17. Re3 c4 18. Re4 Qd5 19. a3 c5 20. g3 Qb7 21. Nh4 Qd7 22. Qe3 b4 23. cxb4 cxb4 24. axb4 Qb5 25. c3 a5 26. g4 axb4 27. Nf5 f6 28. Qa7 Rd7 29. Nxd6 Rxd6 30. Re7 Qg5 31. Qc7 Qg6+ 32. R1e4 Rd1+ 33. Kc2 Rdd8 34. cxb4 Qh6 35. Qf4 Qh3 36. Qe3 Qxh2 37. Rxc4 Kh8 38. Rcc7 Rg8 39. b5 Qg2 40. Kc3 Qxg4 41. b6 Qf5 42. b7 Qa5+ 43. b4 Qd5 44. Qe2 h6 45. Kb2 Qd6 46. Ka3 Qd4 47. Kb3 Qd5+ 48. Ka4 Rb8 49. Rcd7 Qf5 50. Qe3 Qg6 51. Ka5 Kh7 52. Qg3 Rbf8 53. Qd6 Qf5+ 54. Qc5 Qg5 55. Ka6 Rb8 56. Ka7 Rbf8 57. Rf7 Re8 58. Rde7 Rd8 59. Qc7 Rdf8 60. Rxf8 Rxf8 61. Rd7 1-0

[Event "LSS RB-2010-0-00096"]
[Site "LSS email"]
[Date "2010.09.25"]
[Round "?"]
[White "Yuryev, Andrey"]
[Black "Van Bommel, Ton"]
[Result "1-0"]
[WhiteElo "1894"]
[BlackElo "1758"]
[PlyCount "131"]
[EventDate "2010.08.02"]
[EventType "tourn (corr)"]
[EventRounds "6"]
[EventCountry "GER"]
[SourceTitle "Telechess CBM 143"]
[Source "ChessBase"]
[SourceDate "2011.07.15"]
[SourceVersion "1"]
[SourceVersionDate "2011.07.15"]
[SourceQuality "1"]

1. e4 e6 2. d4 d5 3. Nc3 Nf6 4. Bg5 dxe4 5. Nxe4 Nbd7 6. Nf3 h6 7. Nxf6+ Nxf6 8. Bh4 Qd6 9. c3 Be7 10. Bd3 0-0 11. Qe2 c5 12. 0-0 cxd4 13. Nxd4 Bd7 14. Bg3 Qc5 15. Rad1 Rfd8 16. Rfe1 Rac8 17. Bc2 Qa5 18. Be5 a6 19. a3 Be8 20. Qe3 Qc5 21. b4 Qb6 22. h3 Bb5 23. a4 Bc4 24. a5 Qa7 25. Qg3 Nh5 26. Qf3 Nf6 27. Qe3 Qa8 28. Qg3 Nh5 29. Qg4 Nf6 30. Qf4 Rd5 31. h4 Ba2 32. Re3 Bc4 33. Rg3 Kh8 34. Bxf6 Bxf6 35. Qe4 Kg8 36. Qh7+ Kf8 37. Re3 Qb8 38. Nf5 Rxf5 39. Bxf5 Ke7 40. Bd3 Rd8 41. Qe4 Bb3 42. Rc1 Kf8 43. Bc4 Ba4 44. g3 Kg8 45. Be2 Bc6 46. Qc2 Rf8 47. Rd1 Qa8 48. c4 Qe8 49. Qb1 Ba4 50. Rd2 Qa8 51. Qa2 Bc6 52. Qb3 Qa7 53. Red3 Rb8 54. c5 Re8 55. Bf3 Bxf3 56. Rxf3 Qb8 57. Rd7 Qc8 58. Qa4 Kf8 59. Rfd3 g6 60. h5 g5 61. b5 Qxc5 62. Rxb7 axb5 63. Qd1 g4 64. a6 Be5 65. Rdd7 Bc7 66. Rbxc7 1-0